Nové prístupy ku kríze v podmienkach globalizácie
Kríza sa stáva príležitosťou na zavedenie inovácií, ktoré znížia jej negatívne dopady na podnik. Systematické a nepretržité inovácie sú kľúčovým faktorom konkurencieschopnosti podnikov v podmienkach globalizácie. Výsledkom inovácií, ako procesu tvorby a implementácie nápadov do praxe, je hodnota pre...
Na minha lista:
| Autor principal: | |
|---|---|
| Outros Autores: | |
| Formato: | Capítulo de Livro |
| Idioma: | eslovaco |
| Assuntos: | |
| Tags: |
Sem tags, seja o primeiro a adicionar uma tag!
|
MARC
| LEADER | 00000nla$a2200000$$$4500 | ||
|---|---|---|---|
| 001 | 0114352 | ||
| 005 | 20240502072256.3 | ||
| 041 | 0 | |a slo | |
| 044 | |a SK | ||
| 245 | 1 | 0 | |a Nové prístupy ku kríze v podmienkach globalizácie |c Daniela Chorváthová, Peter Jamnický |
| 520 | |a Kríza sa stáva príležitosťou na zavedenie inovácií, ktoré znížia jej negatívne dopady na podnik. Systematické a nepretržité inovácie sú kľúčovým faktorom konkurencieschopnosti podnikov v podmienkach globalizácie. Výsledkom inovácií, ako procesu tvorby a implementácie nápadov do praxe, je hodnota pre zákazníka, za ktorú je ochotný zaplatiť. Inovácie sú pre podnik zárukou dlhodobého úspechu a finančnej stability. Ďalší rast podnikov bude podmienený aj ich schopnosťou vytvárať nové možnosti rastu na báze inovácií. | ||
| 610 | 2 | 0 | |a firmy |
| 610 | 2 | 0 | |a konkurencieschopnosť |
| 610 | 2 | 0 | |a inovácia |
| 610 | 2 | 0 | |a inovácia výrobkov |
| 610 | 2 | 0 | |a služby |
| 610 | 2 | 0 | |a stratégia inovačná |
| 610 | 2 | 0 | |a kríza hospodárska |
| 100 | 1 | |a Chorváthová, Daniela | |
| 700 | 1 | |a Jamnický, Peter | |